| 000 | 00583nam a2200181 i 4500 | ||
|---|---|---|---|
| 001 | 63730 | ||
| 003 | ES-MaACL | ||
| 005 | 20230906164944.0 | ||
| 007 | t| | ||
| 008 | 031216s1964 sp ||||1| spa d | ||
| 100 | 1 |
_aFieser, Louis F. _950724 |
|
| 245 | 1 | 0 |
_aQuímica orgánica fundamental / _cLouis F. Fieser, Mary Fieser ; [versión española por Rufo Crespo Cereceda]. |
| 260 |
_aBarcelona : _bReverté, _c1964. |
||
| 300 |
_aVIII, 373 p. : _bil. ; _c23 cm. |
||
| 700 | 1 |
_aFieser, Mary. _950725 |
|
| 700 | 1 |
_aCrespo Cereceda, Rufo. _941539 |
|
| 852 |
_aES-MaACL _jC-26274 _bR.55330 |
||
| 999 |
_c63730 _d63730 |
||